| 000 | 00452nam a2200169Ia 4500 | ||
|---|---|---|---|
| 005 | 20250603145802.0 | ||
| 008 | 250603s9999 xx 000 0 und d | ||
| 020 | _a9789781258701 | ||
| 050 | _aPL 8231 .I68/ | ||
| 245 | 0 | _aStudies in Hausa language, literature and culture : the sixth international conference | |
| 260 | _aKaduna | ||
| 260 | _bAhmadu Bello Printing Press | ||
| 260 | _c2011 | ||
| 300 | _a487 p | ||
| 650 | _aKaduna | ||
| 942 | _cBK | ||
| 999 |
_c42849 _d42849 |
||